Middle-East Flag Quiz - Statistics

General Stats
  • This quiz has been taken 58 times
  • The average score is 16 of 17
Answer Stats
Picture Answer % Correct
Iran
100%
Israel
100%
Cyprus
98%
Egypt
98%
Iraq
98%
Lebanon
98%
Qatar
98%
Saudi Arabia
98%
Turkey
98%
Kuwait
95%
Oman
95%
Syria
95%
Yemen
95%
Bahrain
93%
Jordan
93%
United Arab Emirates
93%
Palestine
81%
No matching quizzes found
Score Distribution
Percent of People with Each Score
Percentile by Number Answered
Your Score History
You have not taken this quiz